000 00275nam a2200109 a 4500
005 20140414093832.0
008 970109s19uu xx 00 eng d
050 _aVHS 500
_bOR 10
245 _aScience Rock :
_bDisney presents School Rock!.
942 _cAVM
999 _c108765
_d108765